| 000 | 01037nam a2200277 i 4500 | ||
|---|---|---|---|
| 001 | bg | ||
| 100 | 1 | _aKMIECIK, Jacek | |
| 245 | 1 | 0 |
_aPodstawowa osnowa wysokościowa : _bprojektowanie, pomiar i opracowanie wyników / _c[Jacek Kmiecik, Zdzisław Zygierewicz, Ryszard Obłucki] ; Główny Geodeta Kraju. |
| 260 |
_aWarszawa : _bGłówny Urząd Geodezji i Kartografii, _c2002. |
||
| 300 |
_a40, [40] s. : _brys., wykr. ; _c24 cm. |
||
| 490 | 1 | _aWytyczne Techniczne / G-1.11 | |
| 650 | 9 | _aGeodezja | |
| 655 | _aInstrukcje | ||
| 700 | 1 | _aZYGIEREWICZ, Zdzisław | |
| 700 | 1 | _aOBŁUCKI, Ryszard | |
| 710 | 0 | _aGłówny Geodeta Kraju | |
| 830 | 0 | _aWytyczne Techniczne | |
| 020 | _a8323941408 | ||
| 040 | _cBPK | ||
| 041 | 0 | _apol | |
| 080 | _a528.3/.4(083.1) | ||
| 920 | _a83-239-4140-8 | ||
| 942 | _cKA | ||
| 008 | s pl f |000 0 pol | ||
| 999 |
_c35161 _d35161 |
||
| 856 |
_uhttp://koha.tu.koszalin.pl/cgi-bin/koha/opac-detail.pl?biblionumber=35161 _yKatalog online BPK |
||